| 000 | 00406nam a2200169Ia 4500 | ||
|---|---|---|---|
| 008 | 110201s9999 xx 000 0 und d | ||
| 082 |
_bB2563 _aR 51 |
||
| 100 | _aCollected Works | ||
| 245 | _aLENIN - 13 | ||
| 260 | _bForeign Languages Publishing House | ||
| 365 | _b14 | ||
| 600 | _aCollected Works | ||
| 630 | _aLENIN - 13 | ||
| 700 | _aCollected Works | ||
| 730 | _aLENIN - 13 | ||
| 942 | _cBOOK | ||
| 999 |
_c829453 _d829450 |
||